[Event "Bykova Memorial op (Women)"]
[Site "Vladimir"]
[Date "2008.12.15"]
[Round "5"]
[White "Shulakova, Svetlana"]
[Black "Shaydullina, Sandugach"]
[Result "1-0"]
[WhiteElo "2151"]
[BlackElo "2263"]
[PlyCount "127"]
[EventDate "2008.12.10"]
[EventType "swiss"]
[EventRounds "9"]
[EventCountry "RUS"]
[SourceTitle "EXT 2010"]
[Source "ChessBase"]
[SourceDate "2010.11.25"]
[SourceVersion "1"]
[SourceVersionDate "2010.11.25"]
[SourceQuality "1"]

1. d4 d5 2. c4 dxc4 3. e4 Nc6 4. d5 Ne5 5. Bf4 Ng6 6. Bg3 Nf6 7. Nc3 e5 8. Bxc4 a6 9. Nf3 Bd6 10. 0-0 Bg4 11. h3 Bd7 12. Nh4 b5 13. Bd3 0-0 14. Nxg6 fxg6 15. Bh4 h6 16. Rc1 Qe8 17. a3 Nh5 18. Be2 Nf4 19. Bg4 Rf7 20. Bxd7 Qxd7 21. Ne2 g5 22. Bg3 Raf8 23. f3 h5 24. Nxf4 exf4 25. Bf2 g4 26. Bd4 Re7 27. Re1 Rfe8 28. h4 g3 29. Qd2 Qd8 30. e5 Bxe5 31. Bxe5 Rxe5 32. Rxe5 Rxe5 33. Qxf4 Rxd5 34. Qxg3 c5 35. Qg6 Re5 36. Qg3 Qd4+ 37. Qf2 Re2 38. Qxd4 cxd4 39. b4 Ra2 40. Rd1 Rxa3 41. Rxd4 Ra4 42. Kh2 a5 43. Rd8+ Kf7 44. bxa5 Rxh4+ 45. Kg3 Ra4 46. Rd5 h4+ 47. Kh3 Rxa5 48. Kxh4 Ra4+ 49. Kg5 Rb4 50. Rd7+ Kf8 51. Rb7 Rb2 52. g4 b4 53. f4 b3 54. Kg6 Rb1 55. f5 Rg1 56. g5 Rg3 57. Rf7+ Ke8 58. Rxg7 b2 59. Rb7 Rg2 60. f6 Kd8 61. f7 Rf2 62. Rxb2 Rxb2 63. f8Q+ Kc7 64. Qg7+ 1-0

[Event "Bykova Memorial op (Women)"]
[Site "Vladimir"]
[Date "2008.12.11"]
[Round "2"]
[White "Grabuzova, Tatiana"]
[Black "Shulakova, Svetlana"]
[Result "1-0"]
[WhiteElo "2343"]
[BlackElo "2151"]
[PlyCount "83"]
[EventDate "2008.12.10"]
[EventType "swiss"]
[EventRounds "9"]
[EventCountry "RUS"]
[SourceTitle "EXT 2010"]
[Source "ChessBase"]
[SourceDate "2010.11.25"]
[SourceVersion "1"]
[SourceVersionDate "2010.11.25"]
[SourceQuality "1"]

1. d4 d5 2. c4 c6 3. Nf3 Nf6 4. Nc3 dxc4 5. a4 Bf5 6. e3 e6 7. Bxc4 Bb4 8. 0-0 Nbd7 9. Qb3 a5 10. Nh4 Bg4 11. f3 Bh5 12. g3 0-0 13. Be2 Nb6 14. Rd1 Nbd5 15. e4 Nb6 16. g4 Nfd7 17. Ng2 Bg6 18. h4 h6 19. h5 Bh7 20. Bf4 Qe7 21. Be3 Rac8 22. Na2 Bd6 23. Rac1 Kh8 24. d5 c5 25. Nc3 Bb8 26. Qb5 Qd6 27. Bf4 e5 28. Be3 Bc7 29. Qxa5 Nc4 30. Qb5 Nxe3 31. Nxe3 b6 32. Nc4 Qe7 33. d6 Qh4 34. Kg2 f5 35. Rh1 Qg5 36. Qxd7 fxe4 37. dxc7 exf3+ 38. Bxf3 e4 39. Nxe4 Bxe4 40. Bxe4 Qf4 41. Bf5 Rxc7 42. Rhf1 1-0